UM Logo

Exploratory factor analysis of attrition in bachelor of secondary education major in mathematics program / (Record no. 10101)

MARC details
000 -LEADER
fixed length control field 00670nam a22001697a 4500
008 - FIXED-LENGTH DATA ELEMENTS--GENERAL INFORMATION
fixed length control field 180801b ||||| |||| 00| 0 eng d
082 ## - DEWEY DECIMAL CLASSIFICATION NUMBER
Edition number 2017
Classification number UT 0977
Item number B19
100 ## - MAIN ENTRY--PERSONAL NAME
9 (RLIN) 29826
Personal name Baluyan, Jephone C.
245 ## - TITLE STATEMENT
Title Exploratory factor analysis of attrition in bachelor of secondary education major in mathematics program /
Statement of responsibility, etc. Jephone C. Baluyan, Rhea Mae C. Famor, Reyvin V. Pasiol
260 ## - PUBLICATION, DISTRIBUTION, ETC. (IMPRINT)
Place of publication, distribution, etc. Digos City :
Name of publisher, distributor, etc. UMDC
Date of publication, distribution, etc. November 2017
300 ## - PHYSICAL DESCRIPTION
Extent 75 pages ;
Other physical details 29 cm.
650 #0 - SUBJECT ADDED ENTRY--TOPICAL TERM
9 (RLIN) 29827
Topical term or geographic name as entry element Education
Form subdivision Mathematics
General subdivision Undergraduate thesis.
700 ## - ADDED ENTRY--PERSONAL NAME
9 (RLIN) 29828
Personal name Baluyan, Jephone C.
700 ## - ADDED ENTRY--PERSONAL NAME
9 (RLIN) 29829
Personal name Famor, Rhea Mae C.
700 ## - ADDED ENTRY--PERSONAL NAME
9 (RLIN) 29830
Personal name Pasiol, Reyvin V.
942 ## - ADDED ENTRY ELEMENTS (KOHA)
Source of classification or shelving scheme Dewey Decimal Classification
Koha item type Undergraduate Thesis
Holdings
Withdrawn status Lost status Source of classification or shelving scheme Damaged status Not for loan Home library Current library Date acquired Total Checkouts Full call number Barcode Date last seen Copy number Price effective from Koha item type
    Dewey Decimal Classification     UM Digos College - LIC UM Digos College - LIC 07/12/2018   UT 0977 B19 2017 0977 05/15/2025 1 08/01/2018 Undergraduate Thesis